[Event "Almansa 2014 - Torneo A"]
[Site "Almansa ESP"]
[Date "2014.08.06"]
[Round "3.4"]
[White "Nieves Cabanes, Jose Manuel"]
[Black "Romero Berruezo, Francisco"]
[Result "1/2-1/2"]
[WhiteElo "2091"]
[BlackElo "2211"]
[PlyCount "60"]
[EventDate "2014.08.05"]
[EventType "swiss"]
[EventRounds "9"]
[EventCountry "ESP"]
[Source "lmi"]
[SourceDate "2014.08.05"]

1. d4 d6 2. Nf3 Nf6 3. c4 g6 4. Nc3 Bg7 5. Bg5 h6 6. Bh4 g5 7. Bg3 Nh5 8. e3
Nd7 9. Nd2 Ndf6 10. Be2 Nxg3 11. hxg3 e5 12. dxe5 dxe5 13. Qc2 Be6 14. O-O-O
Qe7 15. Nde4 Nxe4 16. Qxe4 c6 17. Bg4 Rd8 18. Bf5 Rxd1+ 19. Rxd1 h5 20. g4 hxg4
21. g3 Rh2 22. Rd2 Qf6 23. Bxg4 Rxf2 24. Rxf2 Qxf2 25. Bxe6 fxe6 26. Qg6+ Kf8
27. Qxg5 Qf1+ 28. Kc2 Qxc4 29. Qd8+ Kf7 30. Qd7+ Kg8 1/2-1/2

[Event "Almansa 2014 - Torneo A"]
[Site "Almansa ESP"]
[Date "2014.08.06"]
[Round "3.5"]
[White "Cano Gimenez, Vicente"]
[Black "Garcia Ramos, Marcos"]
[Result "1/2-1/2"]
[WhiteElo "2290"]
[BlackElo "2141"]
[PlyCount "99"]
[EventDate "2014.08.05"]
[EventType "swiss"]
[EventRounds "9"]
[EventCountry "ESP"]
[Source "lmi"]
[SourceDate "2014.08.05"]

1. Nf3 Nf6 2. c4 e6 3. g3 a6 4. Bg2 b5 5. b3 Bb7 6. Na3 bxc4 7. Nxc4 d5 8. Nce5
Nbd7 9. Nxd7 Qxd7 10. O-O c5 11. Ba3 Bd6 12. d4 cxd4 13. Bxd6 Qxd6 14. Qxd4 O-O
15. Ne5 Rfc8 16. Nc4 Qc5 17. Qxc5 Rxc5 18. Nb6 Rb8 19. Rfc1 Rc6 20. Na4 Rbc8
21. Rxc6 Rxc6 22. e3 Kf8 23. b4 Ke7 24. Nc5 Bc8 25. Bf1 Nd7 26. Nxd7 Bxd7 27.
a4 Rb6 28. a5 Rxb4 29. Bxa6 Ra4 30. Rxa4 Bxa4 31. Kf1 Kd6 32. Ke1 Kc5 33. Bd3
h6 34. Kd2 Bb5 35. f4 f6 36. a6 Bc6 37. Kc3 e5 38. fxe5 fxe5 39. Bf5 Bb5 40. a7
Bc6 41. Be6 Kd6 42. Bf7 Kc5 43. Bg8 Bb7 44. Be6 Bc6 45. Kb3 e4 46. Kc3 Ba8 47.
Bc8 Bc6 48. h4 Ba8 49. Bg4 Bc6 50. Be6 1/2-1/2

[Event "Almansa 2014 - Torneo A"]
[Site "Almansa ESP"]
[Date "2014.08.06"]
[Round "3.6"]
[White "Donado-Mazarron Gomez, Miguel"]
[Black "Villasenor Rubio, Emilio Jose"]
[Result "1/2-1/2"]
[WhiteElo "2065"]
[BlackElo "2259"]
[PlyCount "69"]
[EventDate "2014.08.05"]
[EventType "swiss"]
[EventRounds "9"]
[EventCountry "ESP"]
[Source "lmi"]
[SourceDate "2014.08.05"]

1. d4 Nf6 2. c4 c5 3. d5 b5 4. cxb5 a6 5. b6 d6 6. Nc3 Nbd7 7. Nf3 g6 8. e4 Bg7
9. Be2 O-O 10. O-O Nxb6 11. Nd2 Ne8 12. Nc4 Nxc4 13. Bxc4 Nc7 14. Qc2 Rb8 15.
a4 e6 16. b3 exd5 17. exd5 Bf5 18. Qd2 Ne8 19. Bb2 Nf6 20. f3 Re8 21. Rae1 Qa5
22. Rxe8+ Rxe8 23. Re1 h5 24. Rxe8+ Nxe8 25. Qe1 Kf8 26. Kf1 Be5 27. Nd1 Qxe1+
28. Kxe1 Bxb2 29. Nxb2 Bc8 30. a5 Nf6 31. Nd3 Bb7 32. b4 Nxd5 33. Bxd5 Bxd5 34.
bxc5 dxc5 35. Nxc5 1/2-1/2

[Event "Almansa 2014 - Torneo A"]
[Site "Almansa ESP"]
[Date "2014.08.06"]
[Round "3.7"]
[White "Fernandez Cano, Victor"]
[Black "Jimenez Martinez, Jose Vicente"]
[Result "0-1"]
[WhiteElo "1885"]
[BlackElo "2247"]
[PlyCount "82"]
[EventDate "2014.08.05"]
[EventType "swiss"]
[EventRounds "9"]
[EventCountry "ESP"]
[Source "lmi"]
[SourceDate "2014.08.05"]

1. d4 g6 2. Nf3 Bg7 3. c4 Nf6 4. Nc3 O-O 5. e4 d6 6. Be2 e5 7. dxe5 dxe5 8.
Qxd8 Rxd8 9. Bg5 Rf8 10. h3 c6 11. O-O-O Nbd7 12. Ne1 Nc5 13. f3 Ne6 14. Be3
Nh5 15. Nd3 Nhf4 16. Nxf4 Nxf4 17. Bf1 Be6 18. Bxf4 exf4 19. Kc2 Rfd8 20. Be2
Kf8 21. b3 Ke7 22. Bd3 Be5 23. Ne2 a5 24. a4 b5 25. Rb1 Rab8 26. Nc3 bxc4 27.
bxc4 Rb4 28. Rxb4 axb4 29. Nd1 b3+ 30. Kd2 b2 31. Nf2 Bxc4 32. Ke2 Bb3 33. a5
c5 34. Bb1 c4 35. a6 Bd4 36. e5 Bxf2 37. Kxf2 c3 38. Be4 Rd2+ 39. Ke1 Rd1+ 40.
Ke2 Rxh1 41. a7 Ra1 0-1

[Event "Almansa 2014 - Torneo A"]
[Site "Almansa ESP"]
[Date "2014.08.06"]
[Round "3.8"]
[White "Jordan Martinez, Miguel"]
[Black "Martinez Ayesa, Aitor"]
[Result "1-0"]
[WhiteElo "2205"]
[BlackElo "2047"]
[PlyCount "95"]
[EventDate "2014.08.05"]
[EventType "swiss"]
[EventRounds "9"]
[EventCountry "ESP"]
[Source "lmi"]
[SourceDate "2014.08.05"]

1. e4 c5 2. Nf3 g6 3. c3 d5 4. exd5 Qxd5 5. d4 Bg7 6. Be2 Nf6 7. Be3 cxd4 8.
cxd4 O-O 9. Nc3 Qa5 10. O-O Nbd7 11. a3 Nd5 12. Nxd5 Qxd5 13. Ng5 Nf6 14. Rc1
h6 15. Nf3 Be6 16. Ne5 Qd6 17. Qd2 Ne4 18. Qa5 Bd5 19. Bf3 Nf6 20. Be2 Rfc8 21.
Rxc8+ Rxc8 22. Qxa7 Rc2 23. Bb5 Rxb2 24. a4 Rc2 25. h3 Ne4 26. Nd3 Ng3 27. Re1
Nf5 28. Bf4 Qd8 29. Be5 Rc8 30. Nb4 Bc6 31. Bxc6 bxc6 32. Qc5 Nxd4 33. Bxg7
Kxg7 34. Rxe7 Ne6 35. Qe5+ Kf8 36. Rb7 Kg8 37. a5 c5 38. Nd5 Ra8 39. a6 Qg5 40.
Rb8+ Rxb8 41. Qxb8+ Kg7 42. a7 Qxd5 43. a8=Q Qxa8 44. Qxa8 Kf6 45. Qd5 Kg7 46.
Qe5+ Kg8 47. f4 Ng7 48. Qxc5 1-0

[Event "Almansa 2014 - Torneo A"]
[Site "Almansa ESP"]
[Date "2014.08.06"]
[Round "3.9"]
[White "Vilanova Corbi, Jorge"]
[Black "Zhynguel Ramirez De Verger, Al"]
[Result "1/2-1/2"]
[WhiteElo "2137"]
[BlackElo "1941"]
[PlyCount "62"]
[EventDate "2014.08.05"]
[EventType "swiss"]
[EventRounds "9"]
[EventCountry "ESP"]
[Source "lmi"]
[SourceDate "2014.08.05"]

1. d4 Nf6 2. c4 e6 3. Nc3 Bb4 4. f3 d5 5. a3 Bxc3+ 6. bxc3 c5 7. cxd5 Nxd5 8.
dxc5 Qa5 9. e4 Ne7 10. Be3 O-O 11. Qb3 Qc7 12. a4 Nec6 13. a5 Nxa5 14. Qa3 b6
15. Bb5 Ba6 16. Bxa6 Nxa6 17. Ne2 Rfd8 18. Bf2 Nxc5 19. Bxc5 Nc4 20. Bxb6 Qxb6
21. Qb4 Qxb4 22. cxb4 Rdb8 23. O-O Rxb4 24. Rfc1 g6 25. Ra6 Rb6 26. Ra4 Ne5 27.
h4 a5 28. Rc5 Nc6 29. Rac4 Nb4 30. Nc3 a4 31. Rc8+ Rxc8 1/2-1/2

[Event "Almansa 2014 - Torneo A"]
[Site "Almansa ESP"]
[Date "2014.08.06"]
[Round "3.10"]
[White "Fernandez Alvarez, Luis"]
[Black "Jordan Martinez, David"]
[Result "1-0"]
[WhiteElo "1884"]
[BlackElo "2116"]
[PlyCount "89"]
[EventDate "2014.08.05"]
[EventType "swiss"]
[EventRounds "9"]
[EventCountry "ESP"]
[Source "lmi"]
[SourceDate "2014.08.05"]

1. e4 c5 2. Nf3 d6 3. d4 cxd4 4. Nxd4 Nf6 5. Nc3 a6 6. Bg5 e6 7. f4 Be7 8. Qf3
Nbd7 9. O-O-O Qc7 10. Bd3 b5 11. Rhe1 Bb7 12. Qg3 b4 13. Nd5 exd5 14. e5 dxe5
15. fxe5 Ne4 16. Bxe4 dxe4 17. Bxe7 Qxe5 18. Qxe5 Nxe5 19. Bxb4 g6 20. Nb3 Nd7
21. Na5 O-O-O 22. Nxb7 Kxb7 23. Rxe4 Nb6 24. Re7+ Kc6 25. Rxd8 Rxd8 26. Rxf7
Nd5 27. Bd2 Re8 28. Kd1 h5 29. c4 Nb6 30. Rf6+ Kb7 31. b3 Rg8 32. c5 Nd5 33.
Rd6 Nc7 34. a4 g5 35. b4 h4 36. g3 h3 37. Be3 g4 38. Kd2 Re8 39. Kd3 Re7 40. b5
axb5 41. axb5 Ne6 42. c6+ Kc7 43. Rd7+ Rxd7+ 44. cxd7 Kxd7 45. Ke4 1-0

[Event "Almansa 2014 - Torneo A"]
[Site "Almansa ESP"]
[Date "2014.08.07"]
[Round "4.1"]
[White "Remolar Gallen, Jose"]
[Black "Martinez Lopez, David"]
[Result "0-1"]
[WhiteElo "2208"]
[BlackElo "2209"]
[PlyCount "74"]
[EventDate "2014.08.05"]
[EventType "swiss"]
[EventRounds "9"]
[EventCountry "ESP"]
[Source "lmi"]
[SourceDate "2014.08.05"]

1. e4 e6 2. d4 d5 3. Nc3 Nf6 4. Bg5 Bb4 5. Nge2 h6 6. Bxf6 Qxf6 7. a3 Ba5 8.
Qd3 O-O 9. e5 Qe7 10. h4 Bb6 11. Nf4 c5 12. Nce2 cxd4 13. Nxd4 Qc7 14. Nf3 Nc6
15. Qe2 Nd4 16. Nxd4 Bxd4 17. Nd3 Bxb2 18. Rb1 Bc3+ 19. Kd1 f6 20. exf6 Bxf6
21. f4 Bc3 22. g4 Qc4 23. g5 Qe4 24. Bg2 Qxe2+ 25. Kxe2 b6 26. Bh3 Kh7 27. Rbf1
Bd7 28. Ke3 Rac8 29. Rh2 Rc4 30. Kf3 Ra4 31. Re2 Bb5 32. Kg3 Re4 33. Ref2 Bd4
34. Rf3 g6 35. h5 gxh5 36. Kh4 hxg5+ 37. Kxg5 Rg8+ 0-1

[Event "Almansa 2014 - Torneo A"]
[Site "Almansa ESP"]
[Date "2014.08.07"]
[Round "4.2"]
[White "Garcia Ramos, Marcos"]
[Black "Sanchez Barbado, Carlos"]
[Result "1/2-1/2"]
[WhiteElo "2141"]
[BlackElo "2249"]
[PlyCount "104"]
[EventDate "2014.08.05"]
[EventType "swiss"]
[EventRounds "9"]
[EventCountry "ESP"]
[Source "lmi"]
[SourceDate "2014.08.05"]

1. e4 d6 2. d4 c6 3. Nf3 Bg4 4. Be2 Nf6 5. Nbd2 Nbd7 6. O-O e5 7. c3 Be7 8. Re1
O-O 9. dxe5 dxe5 10. Nc4 Qc7 11. Bg5 Rad8 12. Qc2 Bh5 13. Nh4 Bg6 14. Nxg6 hxg6
15. b4 Rfe8 16. Rad1 Nf8 17. Be3 b6 18. Rxd8 Rxd8 19. Rd1 Ne6 20. Rxd8+ Bxd8
21. g3 Nh7 22. Bg4 Bg5 23. Bxe6 Bxe3 24. Nxe3 fxe6 25. Qd3 Kf7 26. Nc4 Ke7 27.
f4 exf4 28. e5 Nf8 29. gxf4 b5 30. Nd6 a6 31. Ne4 Nd7 32. h4 Nf8 33. Kf2 Nd7
34. Kf3 Nf8 35. Qd6+ Qxd6 36. exd6+ Kd7 37. Ke3 Nh7 38. Nc5+ Kxd6 39. Nxa6 Nf6
40. Kd4 Nd5 41. Nc5 Nxf4 42. Ne4+ Kd7 43. c4 e5+ 44. Kxe5 Nd3+ 45. Kd4 Nxb4 46.
cxb5 cxb5 47. Nc3 Kc6 48. Ke5 Nd3+ 49. Ke4 Ne1 50. Nd5 Kc5 51. Ne7 Ng2 52. Nxg6
Kb4 1/2-1/2

[Event "Almansa 2014 - Torneo A"]
[Site "Almansa ESP"]
[Date "2014.08.07"]
[Round "4.3"]
[White "Jimenez Martinez, Jose Vicente"]
[Black "Nieves Cabanes, Jose Manuel"]
[Result "1/2-1/2"]
[WhiteElo "2247"]
[BlackElo "2091"]
[PlyCount "48"]
[EventDate "2014.08.05"]
[EventType "swiss"]
[EventRounds "9"]
[EventCountry "ESP"]
[Source "lmi"]
[SourceDate "2014.08.05"]

1. d4 Nf6 2. c4 e6 3. Nc3 d5 4. Nf3 Be7 5. Bf4 O-O 6. e3 b6 7. Rc1 c5 8. cxd5
exd5 9. Be2 Bb7 10. O-O Nbd7 11. h3 a6 12. Ne5 Nxe5 13. Bxe5 c4 14. Bf3 b5 15.
Qc2 Qd7 16. Rfe1 Rfe8 17. Ne2 Ne4 18. Ng3 f5 19. Nxe4 dxe4 20. Be2 Bd6 21. Bxd6
Qxd6 22. b3 cxb3 23. Qxb3+ Bd5 24. Qc2 f4 1/2-1/2

[Event "Almansa 2014 - Torneo A"]
[Site "Almansa ESP"]
[Date "2014.08.07"]
[Round "4.4"]
[White "Romero Berruezo, Francisco"]
[Black "Fernandez Alvarez, Luis"]
[Result "1-0"]
[WhiteElo "2211"]
[BlackElo "1884"]
[PlyCount "95"]
[EventDate "2014.08.05"]
[EventType "swiss"]
[EventRounds "9"]
[EventCountry "ESP"]
[Source "lmi"]
[SourceDate "2014.08.05"]

1. Nf3 Nf6 2. c4 g6 3. Nc3 d6 4. d4 Bf5 5. g3 Ne4 6. Nb1 Bg7 7. Bg2 Nf6 8. O-O
O-O 9. Nc3 Nc6 10. Nh4 Bd7 11. b3 e5 12. dxe5 dxe5 13. Ba3 Re8 14. Qc1 Qc8 15.
Rd1 Nd4 16. e3 Nf5 17. Nf3 Bc6 18. Bb2 Bxf3 19. Bxf3 c6 20. b4 Qc7 21. b5 Rad8
22. bxc6 bxc6 23. Qc2 Rxd1+ 24. Rxd1 h5 25. Qa4 e4 26. Bg2 h4 27. Ne2 hxg3 28.
hxg3 Nd7 29. Ba3 Nb6 30. Qc2 Qe5 31. Rb1 Qe6 32. Rc1 Qe5 33. Nf4 Qa5 34. Qb3
Nd7 35. Bb4 Qb6 36. c5 Qb7 37. Qc4 g5 38. Nh5 Nf6 39. Nxf6+ Bxf6 40. Bxe4 Ng7
41. Bf3 Qc7 42. Bc3 Re6 43. Bg4 Bxc3 44. Bxe6 Bd2 45. Rd1 Nxe6 46. Rxd2 Qe5 47.
Rd7 a5 48. Ra7 1-0

[Event "Almansa 2014 - Torneo A"]
[Site "Almansa ESP"]
[Date "2014.08.07"]
[Round "4.5"]
[White "Lopez Mulet, Inigo"]
[Black "Jordan Martinez, Miguel"]
[Result "0-1"]
[WhiteElo "2193"]
[BlackElo "2205"]
[PlyCount "64"]
[EventDate "2014.08.05"]
[EventType "swiss"]
[EventRounds "9"]
[EventCountry "ESP"]
[Source "lmi"]
[SourceDate "2014.08.05"]

1. d4 Nf6 2. c4 g6 3. f3 Bg7 4. e4 d6 5. Nc3 O-O 6. Be3 b6 7. Qd2 c5 8. d5 Nbd7
9. Nh3 Ne5 10. Nf2 e6 11. Be2 exd5 12. cxd5 Re8 13. O-O a6 14. a4 Qe7 15. h3
Ned7 16. f4 Nf8 17. Bf3 Rb8 18. Rfe1 N6d7 19. g4 b5 20. axb5 axb5 21. e5 dxe5
22. Ra7 exf4 23. d6 Qe6 24. Nd5 fxe3 25. Rxe3 Ne5 26. Re7 Rxe7 27. dxe7 Nfd7
28. Nd3 Bb7 29. N3f4 Qd6 30. g5 Nxf3+ 31. Rxf3 Bd4+ 32. Kf1 Bxd5 0-1

[Event "Almansa 2014 - Torneo A"]
[Site "Almansa ESP"]
[Date "2014.08.07"]
[Round "4.6"]
[White "Garcia Munoz, Raul"]
[Black "Cano Gimenez, Vicente"]
[Result "0-1"]
[WhiteElo "2094"]
[BlackElo "2290"]
[PlyCount "64"]
[EventDate "2014.08.05"]
[EventType "swiss"]
[EventRounds "9"]
[EventCountry "ESP"]
[Source "lmi"]
[SourceDate "2014.08.05"]

1. e4 c5 2. Nf3 g6 3. d4 cxd4 4. Nxd4 Nc6 5. Nc3 Bg7 6. Be3 Nf6 7. Bc4 Qa5 8.
Nb3 Qb4 9. Bd5 Nxe4 10. O-O Nxc3 11. bxc3 Qxc3 12. Bd2 Qe5 13. c4 O-O 14. Rc1
e6 15. Bf3 d5 16. cxd5 exd5 17. Bc3 d4 18. Re1 Qf6 19. Bxc6 dxc3 20. Bf3 Rd8
21. Qe2 Be6 22. Bxb7 Rab8 23. Be4 Bxb3 24. axb3 Rxb3 25. Rc2 Rb2 26. Rxb2 cxb2
27. Bb1 Bh6 28. Rd1 Rc8 29. g3 Rc1 30. Qe8+ Bf8 31. Qd7 Bc5 32. Qd2 Qxf2+ 0-1

[Event "Almansa 2014 - Torneo A"]
[Site "Almansa ESP"]
[Date "2014.08.07"]
[Round "4.7"]
[White "Martin Rodriguez, Emilio"]
[Black "Serna Lara, Sergio"]
[Result "0-1"]
[WhiteElo "2087"]
[BlackElo "2260"]
[PlyCount "107"]
[EventDate "2014.08.05"]
[EventType "swiss"]
[EventRounds "9"]
[EventCountry "ESP"]
[Source "lmi"]
[SourceDate "2014.08.05"]

1. d4 e6 2. c4 Bb4+ 3. Nd2 Nf6 4. a3 Bxd2+ 5. Qxd2 d6 6. Nf3 O-O 7. Qc2 Qe7 8.
Bg5 e5 9. h3 Re8 10. e3 Nbd7 11. Be2 Nf8 12. Bd3 h6 13. Bxf6 Qxf6 14. dxe5 dxe5
15. Be4 a5 16. O-O a4 17. c5 c6 18. Rfd1 Be6 19. Rd6 Qe7 20. Qc3 f5 21. Bc2 e4
22. Nd4 Bc8 23. Rd1 Kh7 24. f3 exf3 25. Nxf5 Bxf5 26. Bxf5+ Kg8 27. e4 fxg2 28.
R1d2 Qe5 29. Qc4+ Kh8 30. Rxg2 Nh7 31. Bg6 Red8 32. Bxh7 Kxh7 33. Qf7 Rxd6 34.
cxd6 Rd8 35. Qg6+ Kh8 36. Rd2 Qc5+ 37. Kh2 Qe3 38. Qg2 Qf4+ 39. Kh1 Rxd6 40.
Rxd6 Qxd6 41. Qf3 Qf6 42. Qe2 Qe6 43. Kg2 Kg8 44. Qc2 Qb3 45. Qd2 Qe6 46. Qd4
b5 47. Kg3 Kf7 48. h4 Qg6+ 49. Kh3 Qe6+ 50. Kg3 h5 51. Kf4 Qg4+ 52. Ke5 Qxh4
53. Qd1 Qg3+ 54. Kd4 0-1

[Event "Almansa 2014 - Torneo A"]
[Site "Almansa ESP"]
[Date "2014.08.07"]
[Round "4.8"]
[White "Villasenor Rubio, Emilio Jose"]
[Black "Sacristan Latorre, Alberto"]
[Result "0-1"]
[WhiteElo "2259"]
[BlackElo "2066"]
[PlyCount "138"]
[EventDate "2014.08.05"]
[EventType "swiss"]
[EventRounds "9"]
[EventCountry "ESP"]
[Source "lmi"]
[SourceDate "2014.08.05"]

1. d4 Nf6 2. c4 g6 3. Nc3 Bg7 4. e4 d6 5. Nf3 O-O 6. Be2 e5 7. O-O Nc6 8. d5
Ne7 9. Ne1 Ne8 10. Be3 f5 11. f3 f4 12. Bf2 g5 13. Rc1 h5 14. c5 Rf7 15. cxd6
cxd6 16. a4 Bf8 17. Nb5 a6 18. Na3 Nf6 19. Nc4 g4 20. Bb6 Qd7 21. Nd3 Ng6 22.
Ba5 Rb8 23. Nb6 Qe8 24. Nxc8 Rxc8 25. Rxc8 Qxc8 26. Qb3 Ne8 27. Rc1 Qd7 28. Nb4
Nh4 29. Kh1 Rg7 30. Bf1 Qe7 31. Nc6 Qg5 32. Bb6 Nf6 33. Nd8 Qg6 34. Ne6 Rf7 35.
Rc8 Qh6 36. Bf2 Ng6 37. Rb8 h4 38. Rxb7 Rxb7 39. Qxb7 g3 40. Bg1 h3 41. Qc8
Nxe4 42. fxe4 f3 43. gxf3 g2+ 44. Bxg2 hxg2+ 45. Kxg2 Qd2+ 46. Bf2 Qxb2 47. Qe8
Nf4+ 48. Nxf4 exf4 49. Qg6+ Bg7 50. Qxd6 Bd4 51. Qd8+ Kf7 52. Qh4 Qd2 53. Kf1
Qd1+ 54. Kg2 Qd2 55. d6 Bxf2 56. Qxf2 Qxd6 57. Qc2 Qg6+ 58. Kf1 Qh6 59. Qc7+
Ke8 60. Qe5+ Kd7 61. Qf5+ Kc6 62. Kg2 Qg7+ 63. Kh3 Qh6+ 64. Kg4 Qxh2 65. Qxf4
Qg1+ 66. Kf5 Qg7 67. Qg5 Qd7+ 68. Kf4 Qd2+ 69. Kg3 Qxg5+ 0-1

[Event "Almansa 2014 - Torneo A"]
[Site "Almansa ESP"]
[Date "2014.08.07"]
[Round "4.9"]
[White "Pena Riasco, Alexander"]
[Black "Donado-Mazarron Gomez, Miguel"]
[Result "1/2-1/2"]
[WhiteElo "2242"]
[BlackElo "2065"]
[PlyCount "68"]
[EventDate "2014.08.05"]
[EventType "swiss"]
[EventRounds "9"]
[EventCountry "ESP"]
[Source "lmi"]
[SourceDate "2014.08.05"]

1. e4 c5 2. Nf3 d6 3. d4 cxd4 4. Nxd4 Nf6 5. Nc3 a6 6. Be3 e5 7. Nb3 Be6 8. f3
Nbd7 9. Qd2 b5 10. O-O-O Rc8 11. Kb1 Be7 12. g4 Nb6 13. Qf2 Rxc3 14. Bxb6 Rxf3
15. Qg1 Qa8 16. Bg2 Bxg4 17. Re1 Nxe4 18. h3 Bh5 19. Bxf3 Bxf3 20. Rh2 O-O 21.
Qe3 Ng5 22. Rf1 Bh5 23. Ba5 f5 24. Bb4 f4 25. Qb6 Ne4 26. Qc7 Rf7 27. Ba5 Bh4
28. Qb6 Bg3 29. Rhh1 Be2 30. Rc1 Bf2 31. Qd8+ Qxd8 32. Bxd8 Be3 33. Rce1 f3 34.
Ba5 Ng3 1/2-1/2

[Event "Almansa 2014 - Torneo A"]
[Site "Almansa ESP"]
[Date "2014.08.07"]
[Round "4.10"]
[White "Mingarro Carceller, Sergi"]
[Black "Vazquez Gonzalez, Jesus"]
[Result "1-0"]
[WhiteElo "2233"]
[BlackElo "2059"]
[PlyCount "41"]
[EventDate "2014.08.05"]
[EventType "swiss"]
[EventRounds "9"]
[EventCountry "ESP"]
[Source "lmi"]
[SourceDate "2014.08.05"]

1. e4 g6 2. d4 Bg7 3. Nc3 c6 4. f4 d6 5. Nf3 Bg4 6. Be3 Nd7 7. h3 Bxf3 8. Qxf3
e6 9. O-O-O Ne7 10. g4 b5 11. Kb1 a5 12. e5 d5 13. Bd3 f5 14. exf6 Bxf6 15. f5
e5 16. g5 e4 17. Bxe4 dxe4 18. Nxe4 O-O 19. gxf6 Nxf5 20. Bg5 h6 21. f7+ 1-0

[Event "Almansa 2014 - Torneo A"]
[Site "Almansa ESP"]
[Date "2014.08.07"]
[Round "5.1"]
[White "Martinez Lopez, David"]
[Black "Romero Berruezo, Francisco"]
[Result "1/2-1/2"]
[WhiteElo "2209"]
[BlackElo "2211"]
[PlyCount "64"]
[EventDate "2014.08.05"]
[EventType "swiss"]
[EventRounds "9"]
[EventCountry "ESP"]
[Source "lmi"]
[SourceDate "2014.08.05"]

1. e4 c5 2. Nf3 e6 3. d4 cxd4 4. Nxd4 a6 5. Nc3 Qc7 6. Bd3 Nf6 7. Nb3 Be7 8.
O-O d6 9. f4 b5 10. Qe2 Nc6 11. a3 O-O 12. g4 Re8 13. g5 Nd7 14. Qh5 g6 15. Qh6
Bf8 16. Qh4 Bg7 17. Nd1 Bb7 18. Rf3 d5 19. e5 d4 20. Rh3 Ncxe5 21. fxe5 Qc6 22.
Kf1 Qg2+ 23. Ke1 Nxe5 24. Nd2 Qh1+ 25. Ke2 Qg2+ 26. Nf2 Nxd3 27. cxd3 Rac8 28.
Rg3 Qd5 29. Nfe4 Rc2 30. Rf3 Rec8 31. Rf1 Qe5 32. Kd1 Qc7 1/2-1/2

[Event "Almansa 2014 - Torneo A"]
[Site "Almansa ESP"]
[Date "2014.08.07"]
[Round "5.2"]
[White "Jordan Martinez, Miguel"]
[Black "Serna Lara, Sergio"]
[Result "1/2-1/2"]
[WhiteElo "2205"]
[BlackElo "2260"]
[PlyCount "33"]
[EventDate "2014.08.05"]
[EventType "swiss"]
[EventRounds "9"]
[EventCountry "ESP"]
[Source "lmi"]
[SourceDate "2014.08.05"]

1. e4 c6 2. d4 d5 3. e5 Bf5 4. Nf3 e6 5. a3 Nd7 6. c4 dxc4 7. Bxc4 Nb6 8. Bb3
Ne7 9. Nc3 Ned5 10. O-O Be7 11. Be3 O-O 12. Qd2 Rc8 13. Rac1 Qd7 14. h3 Rfd8
15. Rfd1 Qe8 16. Qe2 h6 17. Kh2 1/2-1/2

[Event "Almansa 2014 - Torneo A"]
[Site "Almansa ESP"]
[Date "2014.08.07"]
[Round "5.3"]
[White "Cano Gimenez, Vicente"]
[Black "Remolar Gallen, Jose"]
[Result "1-0"]
[WhiteElo "2290"]
[BlackElo "2208"]
[PlyCount "59"]
[EventDate "2014.08.05"]
[EventType "swiss"]
[EventRounds "9"]
[EventCountry "ESP"]
[Source "lmi"]
[SourceDate "2014.08.05"]

1. Nf3 Nf6 2. c4 g6 3. g3 Bg7 4. Bg2 O-O 5. O-O d6 6. Nc3 Nc6 7. d4 a6 8. Bf4
Rb8 9. Rc1 Bd7 10. Qd2 Re8 11. Nd5 b5 12. Nxf6+ Bxf6 13. d5 Ne5 14. Nxe5 dxe5
15. Be3 bxc4 16. Rxc4 e6 17. b3 exd5 18. Bxd5 Bb5 19. Rc2 Re7 20. Be4 Rd7 21.
Qc1 a5 22. Ba7 Rc8 23. Bb7 a4 24. Bxc8 Qxc8 25. Rd1 axb3 26. axb3 Re7 27. Be3
h5 28. Bg5 Re6 29. Bxf6 Rxf6 30. Qg5 1-0

[Event "Almansa 2014 - Torneo A"]
[Site "Almansa ESP"]
[Date "2014.08.07"]
[Round "5.4"]
[White "Sanchez Barbado, Carlos"]
[Black "Mengual Bolo, Carles"]
[Result "1-0"]
[WhiteElo "2249"]
[BlackElo "2107"]
[PlyCount "91"]
[EventDate "2014.08.05"]
[EventType "swiss"]
[EventRounds "9"]
[EventCountry "ESP"]
[Source "lmi"]
[SourceDate "2014.08.05"]

1. e4 c5 2. Nc3 d6 3. f4 Nc6 4. Nf3 g6 5. Bb5 Bd7 6. O-O Bg7 7. d3 Nf6 8. Bxc6
Bxc6 9. Qe1 O-O 10. Qh4 e6 11. f5 Nd7 12. Bg5 f6 13. Bd2 g5 14. Qg3 e5 15. h4
h6 16. Kf2 Qb6 17. Rab1 Kf7 18. Qg4 Ke7 19. Be3 a5 20. Qh5 Rae8 21. Qg6 Rg8 22.
Rh1 Kd8 23. a3 a4 24. Qf7 Qc7 25. b4 axb3 26. Qxb3 g4 27. Nd2 h5 28. Nc4 Ke7
29. Bd2 Rb8 30. Ne3 Kf8 31. Rb2 b5 32. Rhb1 c4 33. Qb4 cxd3 34. cxd3 Nc5 35.
Ke2 Bh6 36. Ncd5 Qg7 37. Rc2 Bxd5 38. Rxc5 Bxe3 39. Rxd5 Bc5 40. Qa5 g3 41. Kf1
Re8 42. Qxb5 Qg4 43. Bh6+ Kf7 44. Rxc5 dxc5 45. Qc4+ Ke7 46. Rb7+ 1-0

[Event "Almansa 2014 - Torneo A"]
[Site "Almansa ESP"]
[Date "2014.08.07"]
[Round "5.5"]
[White "Sacristan Latorre, Alberto"]
[Black "Jimenez Martinez, Jose Vicente"]
[Result "0-1"]
[WhiteElo "2066"]
[BlackElo "2247"]
[PlyCount "82"]
[EventDate "2014.08.05"]
[EventType "swiss"]
[EventRounds "9"]
[EventCountry "ESP"]
[Source "lmi"]
[SourceDate "2014.08.05"]

1. e4 d6 2. d4 g6 3. Nc3 Bg7 4. g3 Nf6 5. Bg2 O-O 6. Nge2 Nc6 7. h3 e5 8. Be3
exd4 9. Nxd4 Bd7 10. O-O Re8 11. Re1 Nxd4 12. Bxd4 c5 13. Be3 Bc6 14. Qd3 Qb6
15. Nd5 Nxd5 16. exd5 Bd7 17. Rab1 Qa5 18. a3 Bxb2 19. Bd2 Rxe1+ 20. Bxe1 Qxa3
21. Qxa3 Bxa3 22. Rxb7 Ba4 23. c4 a5 24. Rb6 Bc2 25. Rxd6 Bb4 26. Bxb4 cxb4 27.
Rb6 a4 28. d6 Ra7 29. c5 a3 30. Bd5 b3 31. c6 a2 32. Rb8+ Kg7 33. d7 a1=Q+ 34.
Kh2 Qf6 35. d8=Q Qxd8 36. Rxd8 b2 37. Rd7 Ra1 38. Bxf7 Kh6 39. Ba2 Be4 40. g4
Rxa2 41. c7 b1=Q 0-1

[Event "Almansa 2014 - Torneo A"]
[Site "Almansa ESP"]
[Date "2014.08.07"]
[Round "5.6"]
[White "Nieves Cabanes, Jose Manuel"]
[Black "Mingarro Carceller, Sergi"]
[Result "0-1"]
[WhiteElo "2091"]
[BlackElo "2233"]
[PlyCount "106"]
[EventDate "2014.08.05"]
[EventType "swiss"]
[EventRounds "9"]
[EventCountry "ESP"]
[Source "lmi"]
[SourceDate "2014.08.05"]

1. d4 Nf6 2. Nf3 c5 3. d5 b5 4. c4 g6 5. cxb5 a6 6. b6 d6 7. Nc3 Nbd7 8. e4 Rb8
9. a4 Rxb6 10. Nd2 Bg7 11. Nc4 Rb4 12. a5 O-O 13. Bd3 Ne8 14. O-O Nc7 15. Ra4
Rb8 16. Ra1 Ne5 17. Nxe5 Bxe5 18. Na4 Bd7 19. Nb6 Bb5 20. Rb1 Na8 21. Nxa8 Qxa5
22. Bh6 Bg7 23. Bxg7 Kxg7 24. Ra1 Qd8 25. Qb3 Bxd3 26. Qxd3 Rxa8 27. Rxa6 Rxa6
28. Qxa6 Qb8 29. Qa3 Qb5 30. f3 Rb8 31. Rf2 f6 32. Rc2 Rb6 33. Qc3 Ra6 34. Rc1
Ra2 35. Rc2 Ra1+ 36. Rc1 Ra4 37. Rc2 Rd4 38. Rc1 Rd3 39. Qc2 Rb3 40. Rb1 Qb4
41. h3 Qd4+ 42. Kh1 Rd3 43. b3 Rd2 44. Qc1 Qb4 45. Kg1 Ra2 46. Qe1 Rb2 47. Kf1
Qb5+ 48. Kg1 Rxb1 49. Qxb1 c4 50. b4 c3 51. Qb3 Qd3 52. b5 Qd2 53. b6 c2 0-1

[Event "Almansa 2014 - Torneo A"]
[Site "Almansa ESP"]
[Date "2014.08.07"]
[Round "5.7"]
[White "Sanchez Jerez, Emilio Miguel"]
[Black "Garcia Ramos, Marcos"]
[Result "1-0"]
[WhiteElo "2232"]
[BlackElo "2141"]
[PlyCount "53"]
[EventDate "2014.08.05"]
[EventType "swiss"]
[EventRounds "9"]
[EventCountry "ESP"]
[Source "lmi"]
[SourceDate "2014.08.05"]

1. e4 c5 2. Nf3 e6 3. Nc3 a6 4. g3 b5 5. Bg2 Bb7 6. d3 d6 7. O-O Nf6 8. Ng5 Qc7
9. f4 Be7 10. e5 Bxg2 11. exf6 Bxf1 12. fxg7 Rg8 13. Qh5 Bxg5 14. Qxh7 Rxg7 15.
Qxg7 Bxd3 16. Qg8+ Kd7 17. Qxf7+ Be7 18. cxd3 Nc6 19. f5 exf5 20. Qxf5+ Kd8 21.
Nd5 Qc8 22. Qf7 Qg4 23. Bf4 Ra7 24. Re1 Ne5 25. Bxe5 dxe5 26. Rxe5 Qd4+ 27. Re3
1-0